The essential financial toolkit : (Record no. 19394)
[ view plain ]
| 000 -LEADER | |
|---|---|
| fixed length control field | 00941cam a22002535a 4500 |
| 001 - CONTROL NUMBER | |
| control field | 16495777 |
| 005 - DATE AND TIME OF LATEST TRANSACTION | |
| control field | 20201128021250.0 |
| 008 - FIXED-LENGTH DATA ELEMENTS--GENERAL INFORMATION | |
| fixed length control field | 101008t2011 enkad fr 001 0 eng d |
| 020 ## - INTERNATIONAL STANDARD BOOK NUMBER | |
| International Standard Book Number | 9780230283596 (hardback) |
| 020 ## - INTERNATIONAL STANDARD BOOK NUMBER | |
| International Standard Book Number | 0230283594 (hardback) |
| 040 ## - CATALOGING SOURCE | |
| Original cataloging agency | DLC |
| Transcribing agency | DLC |
| Modifying agency | YDX |
| -- | BTCTA |
| -- | YDXCP |
| -- | UKM |
| -- | SINLB |
| -- | BWX |
| -- | CDX |
| -- | DLC |
| -- | EG-ScBUE |
| 082 04 - DEWEY DECIMAL CLASSIFICATION NUMBER | |
| Classification number | 332.6 |
| Edition number | 22 |
| Item number | EST |
| 100 1# - MAIN ENTRY--PERSONAL NAME | |
| Personal name | Estrada, Javier, |
| Dates associated with a name | 1964- |
| 9 (RLIN) | 38055 |
| 245 14 - TITLE STATEMENT | |
| Title | The essential financial toolkit : |
| Remainder of title | Everything you always wanted to know about finance but were afraid to ask / |
| Statement of responsibility, etc | Javier Estrada. |
| 260 ## - PUBLICATION, DISTRIBUTION, ETC. (IMPRINT) | |
| Place of publication, distribution, etc | Hampshire ; |
| -- | New York : |
| Name of publisher, distributor, etc | Palgrave Macmillan, |
| Date of publication, distribution, etc | c.2011. |
| 300 ## - PHYSICAL DESCRIPTION | |
| Extent | ix, 183 p. : |
| Other physical details | charts, tables ; |
| Dimensions | 23 cm. |
| 500 ## - GENERAL NOTE | |
| General note | Index : p.181-183. |
| 650 #7 - SUBJECT ADDED ENTRY--TOPICAL TERM | |
| Topical term or geographic name as entry element | Business enterprises |
| General subdivision | Finance. |
| Source of heading or term | BUEsh |
| 9 (RLIN) | 1452 |
| 650 #0 - SUBJECT ADDED ENTRY--TOPICAL TERM | |
| Topical term or geographic name as entry element | Business enterprises |
| General subdivision | Finance |
| -- | Data processing. |
| Source of heading or term | BUEsh |
| 651 ## - SUBJECT ADDED ENTRY--GEOGRAPHIC NAME | |
| Source of heading or term | BUEsh |
| 653 ## - INDEX TERM--UNCONTROLLED | |
| Resource For college | BAEPS, Business Administration |
| Arrived date list | May2015 |
| 655 ## - INDEX TERM--GENRE/FORM | |
| Form subdivision | |
| -- | 34232 |
| 942 ## - ADDED ENTRY ELEMENTS (KOHA) | |
| Source of classification or shelving scheme | Dewey Decimal Classification |
| Withdrawn status | Item status | Source of classification or shelving scheme | Damaged status | Not for loan | Vendor | Home library | Current library | Shelving location | Date acquired | Source of acquisition | Cost, normal purchase price | Serial Enumeration / chronology | Total Checkouts | Full call number | Barcode | Date last seen | Cost, replacement price | Koha item type |
|---|---|---|---|---|---|---|---|---|---|---|---|---|---|---|---|---|---|---|
| Dewey Decimal Classification | Baccah | Central Library | Central Library | First floor | 21/05/2015 | Purchase | 210.00 | 22487 | 332.6 EST | 000038263 | 15/07/2025 | 263.00 | Book - Borrowing |